000 01216nam a22002295i 4500
001 162524
003 ES-MaACL
005 20251220063022.0
008 940301s1864 sp a |||| | spa d
040 _aCAM
_bspa
100 1 _aPrado, Casiano de,
_d1797-1866
_993606
245 1 0 _aDescripción física y geológica de la provincia de Madrid /
_cpor Casiano de Prado.
260 _aMadrid :
_b[s.n.],
_c1864 (
_fImprenta Nacional)
300 _aXVI, 219 p., IV h. de lam. pleg., [1] h. de map. pleg. :
_bil. ;
_c31 cm.
594 _aPrecede al tít.: Junta General de Estadística.
599 _aLas h. de lám. pleg. lit.: "F. Kraus"
599 _aLa h. de map. pleg. litogr.: "G. Pfeiffer. Madrid" con la leyenda: "Mapa geológico de la provincia de Madrid publicado por la Junta de Estadística General del Reino en 1864 y formado por D. Casiano de Prado"
650 4 _aGeología-
_zMadrid (Comunidad Autónoma)
_9139287
852 _aES-MaACL
_jT-202-F-3
_z-- Enc. hol.
_q-- Falto de la cub. original
_z-- Enc. en un vol. facticio
852 _aES-MaACL
_jC-1408(2)
_z.- Legado de Federico de Botella y de Hornos
_z.- Dedicatoria autógrafa del autor a Federico Botella
999 _c162524
_d162524